000
00279nam a22001097a 4500
008
240627b |||||||| |||| 00| 0 eng d
100
_a
Rcid, Gardon
_9
16039
245
_a
Politics of Financial Control
260
_a
London:
_b
Hutchinson Pub;
_c
1966.
300
_a
176p.
942
_c
BK
999
_c
39725
_d
39725